1746 1028 1142 1760 1685 1815 1470 1609 1259 1498 1489 1781 1331 1676 1789 1640 1352 1945 1291 1146 1286 1255 1422 1843 1178 1441 1606 1302 1214 1090 1245 1537 1397 1091 1186 1665 1198 1230 1784 1301 1413 1630 1964 1956 1910 1181 1776 1753 1200 1862 1082 1860 1446 1901 1162 1192 1944 1594 1754 1086 1596 1819 1987 1544 1415 1573 1934 1778 1522 1610 1881 1259 1624 1732 1403 1041 1086 1370 1431 1258 1321 1343 1264 1634 1799 1470 1045 1503 1583 1048 1053 1986 1951 1212 1270 1228 1302 1846 1692 BCNSPRNW ULIB Ver.6.0+V

เปลี่ยนเป็นภาษาไทย

Change to English
 แสดงรายละเอียดบรรณานุกรม
  กลับหน้าหลัก

Brief Record : Get Marc (ISO 2709) : E-mail record : QR code < ปิดหน้าต่าง
LEADER : 00000nam 2200000uu 4500
001    13399121753
003     ULIB
008    020711s2555 th a 000 0 tha d
020    9786160002962
090    นว.^bณ429ธ
100    ณารา
245    ธาดากุสุมา^cณารา
250    พิมพ์ครั้งที่ 2
260    กรุงเทพฯ :^bพิมพ์คำ,^c2555
300    502 หน้า
945    ^p300^l0^i033168
995    เกษร
999    ^aใช้งานได้ทุกระบบ
รายการนี้ยังไม่มีแท็ก
คุณยังไม่ได้ล็อกอิน คุณสามารถมีกิจกรรมร่วมกับเว็บไซต์ได้ แต่ต้องล็อกอินก่อน ::
  ล็อกอิน

รายการสื่อสารสนเทศ

ลำดับที่ ประเภท เลขเรียก/บาร์โค้ด สถานที่ สถานะ
1. นวนิยาย
นวนิยาย
นว. ณ429ธ  
  Barcode: 033168
ห้องสมุดวิทยาเขตสวรรค์ประชารักษ์
►นวนิยาย
บนชั้น
  ขอยืม

รายการใกล้เคียง
    ผู้แต่ง [ณารา]

BibComment


ยังไม่เคยถูกคอมเมนท์

คอมเมนท์ทรัพยากรรายการนี้
  คอมเมนท์: ธาดากุสุมา ณารา


 Copyright 2026. Bcnsprnw @Library